Las minas del rey Salomón./ (Registro nro. 7479)

Detalles MARC
000 -LEADER
fixed length control field 00928nam a2200277 a 4500
001 - CONTROL NUMBER
control field 000005689
003 - CONTROL NUMBER IDENTIFIER
control field DO-SdBNP
005 - DATE AND TIME OF LATEST TRANSACTION
control field 20150903154159.0
007 - PHYSICAL DESCRIPTION FIXED FIELD--GENERAL INFORMATION
fixed length control field 000005689
008 - FIXED-LENGTH DATA ELEMENTS--GENERAL INFORMATION
fixed length control field 091106s1994 000 spa d
040 ## - CATALOGING SOURCE
Original cataloging agency BPMSU
Language of cataloging spa
Transcribing agency BPMSU
100 ## - MAIN ENTRY--PERSONAL NAME
Relator code Rider Haggard, Henry
245 #4 - TITLE STATEMENT
Title Las minas del rey Salomón./
Statement of responsibility, etc. Henry Rider Haggard ; versión Claribel Cantillo ; ilustraciones A. Centeno
260 ## - PUBLICATION, DISTRIBUTION, ETC. (IMPRINT)
Place of publication, distribution, etc. Santo Domingo:
Name of publisher, distributor, etc. Tobogán
Date of publication, distribution, etc. 1994
300 ## - PHYSICAL DESCRIPTION
Extent 95 p. :
Other physical details il. ;
Dimensions 24 cm.
490 ## - SERIES STATEMENT
Series statement Clásicos universales Tobogán
500 ## - GENERAL NOTE
General note La biblioteca posee la versión del 2008
700 ## - ADDED ENTRY--PERSONAL NAME
Relator code Cantillo,Claribel
700 ## - ADDED ENTRY--PERSONAL NAME
Relator code Centeno, A.
-- il.
830 ## - SERIES ADDED ENTRY--UNIFORM TITLE
Name of part/section of a work Clásicos universales Tobogán
930 #1 - EQUIVALENCE OR CROSS-REFERENCE-UNIFORM TITLE HEADING [LOCAL, CANADA]
Language of a work BND01
Medium of performance for music LF1
Field link and sequence number 20091106
Date of a work 01
Name of part/section of a work OI
Miscellaneous information 7109
942 ## - ADDED ENTRY ELEMENTS (KOHA)
Source of classification or shelving scheme Dewey Decimal Classification
Koha item type Libros
956 ## - LOCAL ELECTRONIC LOCATION AND ACCESS (OCLC)
Host name JPARRA
Access number 10
Compression information 20091106
Logon BND01
Processor of request 1125
956 ## - LOCAL ELECTRONIC LOCATION AND ACCESS (OCLC)
Host name VMateo
Access number 10
Compression information 201500151
Logon BND01
Processor of request 1405
956 ## - LOCAL ELECTRONIC LOCATION AND ACCESS (OCLC)
Host name VMATEO
Access number 10
Compression information 20150903
Logon BPMSU
Processor of request 00151
Existencias
Withdrawn status Lost status Source of classification or shelving scheme Damaged status Not for loan Collection code Home library Current library Date acquired Total Checkouts Barcode Date last seen Price effective from Koha item type Copy number
    Dewey Decimal Classification     Colección General Biblioteca Pública Metropolitana Salomé Ureña Biblioteca Pública Metropolitana Salomé Ureña 02/20/2015   BPMSU15040108 02/20/2015 02/20/2015 Libros  
    Dewey Decimal Classification     Colección General Biblioteca Pública Metropolitana Salomé Ureña Biblioteca Pública Metropolitana Salomé Ureña 02/20/2015   BPMSU15040109 02/20/2015 02/20/2015 Libros e. 2
    Dewey Decimal Classification     Colección General Biblioteca Pública Metropolitana Salomé Ureña Biblioteca Pública Metropolitana Salomé Ureña 02/20/2015   BPMSU15040110 02/20/2015 02/20/2015 Libros e. 3
    Dewey Decimal Classification     Colección General Biblioteca Pública Metropolitana Salomé Ureña Biblioteca Pública Metropolitana Salomé Ureña 02/20/2015   BPMSU15040111 02/20/2015 02/20/2015 Libros e. 4
    Dewey Decimal Classification     Colección General Biblioteca Pública Metropolitana Salomé Ureña Biblioteca Pública Metropolitana Salomé Ureña 05/15/2015   BPMSU15051741 05/15/2015 05/15/2015 Libros e. 5